000 00475cam a2200181ua 4500
020 _c1.75
041 _amal
_h
082 _a894.812 09
_bBAL/KV
100 _aBalakrishna Pillai, A .
245 _aKurekudi sankethika niroopana grandhangal /
_cA Balakrishna Pillai.
_hTextual Documents
250 _a1 /
_b.
260 _aEranakulam :
_bParishath book stall ,
_c1960.
300 _a131 ; .
365 _a1.75
504 _a
942 _cBK
999 _c6639
_d6639